000 00559nam a2200181Ia 4500
005 20250326144300.0
008 250326s9999 xx 000 0 und d
037 _aTextbook
040 _aFMSL
_beng
_cFMSL
041 _aeng
_2eng
084 _aX:74 P6
_qFMSL
100 _aAntonelli C
245 0 _aNew frontiers in the economics of innovation and new technology
_cAntonelli C And Others
260 _aUnited Kingdom
_bUnited Kingdom, Edward Elgar
_c2006
365 _b6953.0500000000002
942 _cTB
_hX:74 P6
999 _c1303127
_d1303127